¿En que destaca cada país hispanohablante? - Estadísticas

Estadísticas generales
  • Esta prueba ha sido intentada 2.451 veces
    2.415 desde el último reinicio
  • La puntuación promedio es 14 de 20
Estadísticas de respuestas
Pregunta Respuesta % Correcto
Destaca por su cultura arraigada en el Tango, la música y el fútbol apasional, su gastronomía más popular son las empandas, dulce de leche y asado. Argentina
98%
Destaca por su biodiversidad y paisajes únicos, por su cultura como la música vibrante y sus productos como el café. Colombia
96%
Destaca por sus tradiciones y bailes como el flamenco, por su arte como Pablo Picasso, por su arquitectura que tiene influencia árabe, romana, cartaginesa y visigodo, y también por su turismo al hacer el segundo país más visitado del mundo. España
94%
Destaca por su sitios arqueológicos, por su turismo como sus playas, por su cultura y música, por su herencia precolombina, por su gastronomía que es considerada patrimonio de la humanidad por la UNESCO, por ser unos de los países con más biodiversidad como tener playas paradisíacas del caribe y del pacífico hasta tener grandes desiertos y selvas y también por ser la mayor economía de los países hispanohablantes. México
86%
Destaca por tener la capital más alta del mundo con 3.640 metros de altitud, por ser el país más indígena de Latinoamérica que reconoce, protege y preserva la cultura y la historia de los pueblos originarios, y sus recursos naturales. Bolivia
79%
Destaca por su biodiversidad, por las Islas Galápagos que es declarado patrimonio cultural de la humanidad y ser uno de los lugares que fueron explorados por Charles Darwin para su teoría de la evolución y también por conservar bien su arquitectura colonial. Ecuador
79%
Destaca por poseer unas de las centrales hidroeléctricas más grandes del mundo, por ser unos de los países más bilingües al tener dos idiomas oficiales y por su biodiversidad. Paraguay
74%
Destaca por ser unos de los países con mayor biodiversidad que a pesar de tener una superficie corta alberga el 5% de la biodiversidad del mundo, ser unos de los países más felices del mundo, ser unos de los países más ecológicos del mundo, y ser de los más desarrollados de América Costa Rica
72%
Destaca por mejorar su seguridad publica al hacer unos de los países con más índice de homicidios, al hacer unos de los países más seguros de América Latina, por sus paisajes naturales y al hacer el primer país en adoptar el Bitcóin como moneda del curso legal. El Salvador
72%
Destaca por ser unos de los países más desarrollados de América Latina, por tener unas de las obras de ingeniería más importante del mundo, su biodiversidad y su economía dolarizada. Panamá
72%
Destaca por su herencia cultural prehispánica, por su gastronomía que es considerada entre los mejores del mundo y sus vestigios arqueológicos que han sido heredados por una gran civilización. Perú
72%
Destaca por tener a unas de las mujeres con más belleza natural, teniendo incluso 7 coronas del Miss Universo siendo el segundo país con más en el certamen, y por tener una diversidad de naturaleza desde playas paradisíacas del Caribe hasta selvas amazónicas. Venezuela
69%
Destaca por su estabilidad política y económica, siendo el país más desarrollado de América Latina, por sus recursos naturales como el cobre y también por sus vinos y el pisco. Chile
67%
Destaca por ser el único país en tener el español como idioma oficial en su región, por ser unos de las economías con mas crecimiento en su continente y su biodiversidad única. Guinea Ecuatorial
65%
Destaca por su calidad de vida e igualdad social, por su gran fanatismo en el fútbol, por ser unos de los países con menos corrupción de América, ser unos de los países con más índice de democracia y también por ser unos de los países mas liberales como ser el primer país en permitir el voto femenino en América Latina y ciertas legislaciones. Uruguay
65%
Destaca por su biodiversidad centroamericana, por tener el lago más grande de Centroamérica y su mejor deporte es el béisbol. Nicaragua
60%
Destaca por sus playas paradisíacas, por su pasión por el béisbol, por su cultura como sus tradiciones y la música. Cuba
54%
Destaca por ser el segundo país con más turismo en Latinoamérica, por su cultural, por sus playas caribeñas, ser la mayor economía con más estabilidad y mayor crecimiento de la región. República Dominicana
51%
Destaca por sus sitios arqueológicos, su belleza natural, su historia y sus civilizaciones que han dejado legado en ese país. Guatemala
46%
Destaca por ser el país más montañoso de Centroamérica, ser unos de los mayores productores de café de su región, por sus paisajes naturales y arena blanca del mar del caribe. Honduras
43%
No se encontraron pruebas coincidentes
Distribución de puntuación
Porcentaje de gente con cada puntuación
Porcentaje por número respondido
Historial de tus puntuaciones
No has intentado esta prueba desde el último reinicio